| 000 | 00898nam a2200253Ia 4500 | ||
|---|---|---|---|
| 003 | OSt | ||
| 005 | 20220923224912.0 | ||
| 006 | a|||||r|||| 00| 0 | ||
| 007 | ta | ||
| 008 | 220922b |||||||| |||| 00| 0 hin d | ||
| 024 | _a253,444 | ||
| 037 | _cTextual | ||
| 040 |
_aARTS _cARTS _bhin |
||
| 041 |
_2hin _ahin |
||
| 082 | _aV2x, 152P5 | ||
| 100 | _aइरफ़ान हबीब; रावत, रमेश, संपा. | ||
| 245 | 0 | _aइतिहास और विचारधारा | |
| 246 | _aItihās aur vichāradhārā | ||
| 260 |
_aदिल्ली _b ग्रंथ शिल्पी _c2005 |
||
| 300 |
_a229पृ. _ccm. |
||
| 490 | _aभारतीय इतिहास के गौरव ग्रंथ | ||
| 942 |
_hV2x, 152P5 _cTEXL _2CC |
||
| 999 |
_c374539 _d374539 |
||